000 00357nam a22001217a 4500
999 _c1686
_d1686
005 20200902162747.0
008 200902b ||||| |||| 00| 0 eng d
020 _a0050032038
040 _cCML
245 _aHuman Impact on the Ecosystem.
_cTivy, J & O'Hare, G.
260 _aEdinburgh
_bOliver & Boyd
_c1981
942 _2ddc
_cBK
_h574.522
_mTIV